| 000 | 01124nam a2200265Ii 4500 | ||
|---|---|---|---|
| 001 | tattooedgunhand00plum | ||
| 003 | CaSfIA | ||
| 005 | 20210119101513.0 | ||
| 007 | cr|||| | ||
| 008 | 770608s1977 cau 000 1 eng d | ||
| 040 |
_aSLC _cSLC _dCaSfIA |
||
| 020 | _a0890411263 | ||
| 020 | _a9780890411261 | ||
| 035 | _a(OCoLC)3024452 | ||
| 092 | _afic | ||
| 100 | 1 | _aPlumb, Charles. | |
| 245 | 1 | 4 |
_aThe tattooed gun hand / _h[electronic resource] _cCharles Plumb. |
| 260 |
_aCanoga Park, Calif. : _bMajor Books, _cc1977. |
||
| 300 |
_a176 p. ; _c19 cm. |
||
| 856 | 4 | 1 |
_uhttp://www.archive.org/details/tattooedgunhand00plum _zFree eBook from the Internet Archive |
| 856 | 4 | 2 |
_uhttp://www.openlibrary.org/books/OL24382003M _zAdditional information and access via Open Library |
| 942 | _cEB | ||
| 506 | _fНеобхідна авторизація на https://archive.org/ (створення облікового запису безкоштовно) | ||
| 506 | _fНеобхідна авторизація на https://openlibrary.org/ (створення облікового запису безкоштовно) | ||
| 999 |
_c555355 _d555355 |
||